<?xml version="1.0" encoding="UTF-8"?>
<collection xmlns="http://www.loc.gov/MARC21/slim">
<record>
  <controlfield tag="001">121346</controlfield>
  <controlfield tag="005">20230126110107.0</controlfield>
  <datafield tag="024" ind1="7" ind2=" ">
    <subfield code="2">doi</subfield>
    <subfield code="a">10.4995/lyt.2021.15767</subfield>
  </datafield>
  <datafield tag="024" ind1="8" ind2=" ">
    <subfield code="2">sideral</subfield>
    <subfield code="a">131561</subfield>
  </datafield>
  <datafield tag="037" ind1=" " ind2=" ">
    <subfield code="a">ART-2021-131561</subfield>
  </datafield>
  <datafield tag="041" ind1=" " ind2=" ">
    <subfield code="a">spa</subfield>
  </datafield>
  <datafield tag="100" ind1=" " ind2=" ">
    <subfield code="a">Calvo Valiós, Virginia</subfield>
    <subfield code="u">Universidad de Zaragoza</subfield>
    <subfield code="0">(orcid)0000-0002-5753-7680</subfield>
  </datafield>
  <datafield tag="245" ind1=" " ind2=" ">
    <subfield code="a">Vidas en verso: los libros de no ficción biográficos como herramienta para una educación integral e intercultural</subfield>
  </datafield>
  <datafield tag="260" ind1=" " ind2=" ">
    <subfield code="c">2021</subfield>
  </datafield>
  <datafield tag="520" ind1="3" ind2=" ">
    <subfield code="a">Dentro del auge actual del libro de no ficción para niños, las biografías de mujeres importantes se han convertido en uno de los géneros de más éxito editorial. Y la colección “Pequeña  GRANDE” (editorial Alba) ha sido pionera a este respecto. El presente trabajo propone un estudio de la mencionada colección como herramienta para una educación integral y multicultural. En primer lugar, se aborda un análisis de la colección para definir las principales características de la autobiografía como subgénero específico dentro del libro de no ficción infantil. En segundo lugar, se aporta un enfoque de lectura incorporando tareas de comunicación que desarrollen destrezas receptivas y productivas en los lectores. Los resultados de este análisis ofrecen una aproximación a la colección como textos fuente de referencia para la educación multicultural en contextos plurilingües, teniendo en cuenta un posible modelo de escritura que considere elementos clave de la narración. Además, se pretende demostrar que la colección entra dentro de un modelo híbrido de lectura eferente y lectura estética (Rosenblatt, 2002), en el que se contemplan los distintos tipos de lectura. Al mismo tiempo, incorpora un nuevo conocimiento del significado de la lectura, que va más allá de la página (Wolpert and Styles, 2016) y que enlaza con el paradigma digital.</subfield>
  </datafield>
  <datafield tag="506" ind1="0" ind2=" ">
    <subfield code="a">Access copy available to the general public</subfield>
    <subfield code="f">Unrestricted</subfield>
  </datafield>
  <datafield tag="540" ind1=" " ind2=" ">
    <subfield code="9">info:eu-repo/semantics/openAccess</subfield>
    <subfield code="a">by-nc-nd</subfield>
    <subfield code="u">http://creativecommons.org/licenses/by-nc-nd/3.0/es/</subfield>
  </datafield>
  <datafield tag="655" ind1=" " ind2="4">
    <subfield code="a">info:eu-repo/semantics/article</subfield>
    <subfield code="v">info:eu-repo/semantics/publishedVersion</subfield>
  </datafield>
  <datafield tag="700" ind1=" " ind2=" ">
    <subfield code="a">Del Moral Barrigüete, Cristina</subfield>
  </datafield>
  <datafield tag="700" ind1=" " ind2=" ">
    <subfield code="a">Senís Fernández, Juan</subfield>
    <subfield code="u">Universidad de Zaragoza</subfield>
    <subfield code="0">(orcid)0000-0002-3261-0140</subfield>
  </datafield>
  <datafield tag="710" ind1="2" ind2=" ">
    <subfield code="1">4013</subfield>
    <subfield code="2">195</subfield>
    <subfield code="a">Universidad de Zaragoza</subfield>
    <subfield code="b">Dpto. Didácticas Específicas</subfield>
    <subfield code="c">Área Didáctica Lengua y Liter.</subfield>
  </datafield>
  <datafield tag="773" ind1=" " ind2=" ">
    <subfield code="g">54 (2021), 55-65</subfield>
    <subfield code="p">Leng. textos</subfield>
    <subfield code="t">Lenguaje y Textos</subfield>
    <subfield code="x">1133-4770</subfield>
  </datafield>
  <datafield tag="856" ind1="4" ind2=" ">
    <subfield code="s">164126</subfield>
    <subfield code="u">http://zaguan.unizar.es/record/121346/files/texto_completo.pdf</subfield>
    <subfield code="y">Versión publicada</subfield>
  </datafield>
  <datafield tag="856" ind1="4" ind2=" ">
    <subfield code="s">1721779</subfield>
    <subfield code="u">http://zaguan.unizar.es/record/121346/files/texto_completo.jpg?subformat=icon</subfield>
    <subfield code="x">icon</subfield>
    <subfield code="y">Versión publicada</subfield>
  </datafield>
  <datafield tag="909" ind1="C" ind2="O">
    <subfield code="o">oai:zaguan.unizar.es:121346</subfield>
    <subfield code="p">articulos</subfield>
    <subfield code="p">driver</subfield>
  </datafield>
  <datafield tag="951" ind1=" " ind2=" ">
    <subfield code="a">2023-01-26-09:29:05</subfield>
  </datafield>
  <datafield tag="980" ind1=" " ind2=" ">
    <subfield code="a">ARTICLE</subfield>
  </datafield>
</record>
</collection>